| 000 | 00426nam a2200133 a 4500 | ||
|---|---|---|---|
| 005 | 20140414132101.0 | ||
| 008 | 100717s19uu xx 00 eng d | ||
| 050 |
_aM 158.1 _bM13 1997 |
||
| 100 | _aMcCourt, Lisa | ||
| 245 |
_aChicken soup for little souls : _bThe never-forgotten doll / _cstory adaptation by Lisa McCourt. |
||
| 260 |
_aNew York : _bScholastic, _c1997. |
||
| 650 | _aChildren--Conduct of life. | ||
| 999 |
_c114471 _d114471 |
||